Mortgage lending boost (Record no. 117952)

MARC details
000 -LEADER
fixed length control field 01283cam a2200229 4500
001 - CONTROL NUMBER
control field WB@3612-504
008 - FIXED-LENGTH DATA ELEMENTS--GENERAL INFORMATION
fixed length control field 040903n2004 000 0 eng u
035 ## - SYSTEM CONTROL NUMBER
System control number (Sirsi) u127260
245 ## - TITLE STATEMENT
Title Mortgage lending boost
260 ## - PUBLICATION, DISTRIBUTION, ETC.
Date of publication, distribution, etc. 2004
490 ## - SERIES STATEMENT
Series statement ODPM News Release
Volume/sequential designation (2004/0203) 2 September 2004 (2)
520 ## - SUMMARY, ETC.
Summary, etc. "Home ownership solutions in low demand areas" has just been published. It was commissioned by the ODPM and the Council of Mortgage Lenders from the Centre of Urban and Regional Studies and the Halifax Bank of Scotland. The report finds that there are plenty of opportunities for Housing Market Renewal Pathfinders and mortgage lenders to work together to make financial products and services more widely available. This increased partnership could breathe new life into communities blighted by housing market decline. The full report can be accessed at: http://www.odpm.gov.uk/stellent/groups/odpm_commun ities/documents/page/odpm_comm_030804.pdf. http://www.odpm.gov.uk/pns/DisplayPN.cgi?pn_id=200 4_0203
590 ## - LOCAL NOTE (RLIN)
Local note WB
590 ## - LOCAL NOTE (RLIN)
Local note WB
650 ## - SUBJECT ADDED ENTRY--TOPICAL TERM
Topical term or geographic name entry element MORTGAGE LENDING
650 ## - SUBJECT ADDED ENTRY--TOPICAL TERM
Topical term or geographic name entry element HOUSING SUPPLY
650 ## - SUBJECT ADDED ENTRY--TOPICAL TERM
Topical term or geographic name entry element LOW DEMAND
650 ## - SUBJECT ADDED ENTRY--TOPICAL TERM
Topical term or geographic name entry element MARKET RENEWAL PATHFINDER AREAS
650 ## - SUBJECT ADDED ENTRY--TOPICAL TERM
Topical term or geographic name entry element REGENERATION PROGRAMMES
690 ## - LOCAL SUBJECT ADDED ENTRY--TOPICAL TERM (OCLC, RLIN)
Topical term or geographic name as entry element HOUSING-MARKET
942 ## - ADDED ENTRY ELEMENTS (KOHA)
Suppress in OPAC 0
Holdings
Withdrawn status Lost status Source of classification or shelving scheme Damaged status Not for loan Home library Current library Shelving location Date acquired Total Checkouts Full call number Barcode Date last seen Copy number Price effective from Koha item type
    Dewey Decimal Classification     London London News article 03/09/2004   WB403420 127260-1001 06/08/2019 1 06/08/2019 News article